000 00648nam a2200241Ia 4500
003 OSt
005 20221007073508.0
006 a|||||r|||| 00| 0
007 ta
008 221006b |||||||| |||| 00| 0 eng d
024 _a6,489
037 _cTextual
040 _aFLL
_cFLL
_beng
041 _2eng
_aeng
082 _aX:955:Z2qN23, M4
100 _aSrivastava K. D.
245 0 _aWorkmen's compensationa act, 1923
250 _a4th
260 _aLucknow
_bEastern Book Company India
_c1984
300 _axxxviii,651p
_ccm.
942 _hX:955:Z2qN23, M4
_cTEXL
_2CC
999 _c1148931
_d1148931